000 00532nam a22001817a 4500
003 ILib
005 20260122104244.0
008 130219t xxu||||| |||| 00| 0 eng d
020 _a9789713013118
050 _aTX 551
_b.R934 2010
100 _aRuiz, Adela J.
245 _aNutrition education :
_bprinciples, approaches and strategies /
_cAdela J. Ruiz
260 _bManila, Philipines :
_aMerriam and Webster Bookstore,
_c2010
300 _a399 p. :
_c25.3 cm.
650 _aNutrition
942 _2lcc
_cBK
_kLOC
999 _c16173
_d16173